000 01217cam a22004694i 4500
003 PE-LiUPU
005 20251127173100.0
008 150623s1985 miu r 000 0 spa d
020 _a0939125331
035 _a(Sirsi) i9780939125333
035 _a(Sirsi) i9780939125333
040 _aPE-LiUPU
_bspa
_cPE-LiUPU
_erda
049 _aPRUA
082 0 4 _a230.02
_bH318d
_223
100 1 _aHarrison, Everett F.,
_eeditor.
245 1 0 _aDiccionario de teología /
_ceditado por Everett F. Harrison y Geoffrey W. Bromiley.
264 1 _aGrand Rapids, Michigan :
_bT.E.L.L.,
_c1985.
300 _a652 páginas ;
_c25 cm
336 _atext
_2rdacontent
337 _aunmediated
_2rdamedia
338 _avolume
_2rdacarrier
526 _aSEG44
526 _aSEG26
526 _aP151
526 _aP150
526 _aP149
526 _aP146
526 _aP145
526 _aP126
526 _aP125
526 _aP92
526 _aP75
526 _aP74
526 _aP27
526 _aP15
650 1 4 _aTeología
_vDiccionarios.
_94655
942 _2ddc
_cBK
980 _818226
_gJaime Vilcazán Jefe de Análisis Documental
999 _c24255 | 2 | 3
_d24255